LEADER 01130cam0-22004331i-450- 001 990007400260403321 005 20060131121301.0 010 $a88-15-08308-1 035 $a000740026 035 $aFED01000740026 035 $a(Aleph)000740026FED01 035 $a000740026 100 $a20030319d2001----km-y0itay50------ba 101 0 $aita 102 $aIT 105 $ay-------001yy 200 1 $a<>ordinamento bancario$fRenzo Costi 205 $a3. ed. 210 $aBologna$cIl mulino$d2001 215 $a806 p.$d25 cm 225 1 $aStrumenti$iDiritto 610 0 $aBanca$aSegreto bancario 610 0 $aBanca$aCredito$aRisparmio 676 $a346.45082 676 $a346.08 700 1$aCosti,$bRenzo$0105899 801 0$aIT$bUNINA$gRICA$2UNIMARC 901 $aBK 912 $a990007400260403321 952 $a4,4-101$fDSPCP 952 $a21-CA-194TER$b12557$fDDCP 952 $a21-CA-194$b12186$fDDCP 952 $a21-CA-194BIS$b12208$fDDCP 952 $aDPR 23/798$b19780$fDEC 959 $aDSPCP 959 $aDDCP 959 $aDEC 996 $aOrdinamento bancario$938581 997 $aUNINA LEADER 01113nam a2200289 i 4500 001 991003062549707536 005 20021031120549.0 008 020910s1997 us ||| | eng 020 $a0133564037$cLire 142.100 035 $ab1174912x-39ule_inst 035 $aLE02615027$9ExL 040 $aDip.to Ingegneria dell'Innovazione$bita 082 0 $a620.001 100 1 $aShearer, J. Lowen$012140 245 10$aDynamic modeling and control of engineering systems /$cJ. Lowen Shearer, Bohdan T. Kulakowski, John F. Gardner 250 $a2nd ed. 260 $aUpper Saddle River :$bPrentice Hall,$cc 1997 300 $axx, 375 p. ;$c24 cm 650 4$aProgettazione di sistemi automatici 700 1 $aKulakowski, Bohdan T. 700 1 $aGardner, John F. 907 $a.b1174912x$b21-09-06$c05-11-02 912 $a991003062549707536 945 $aLE026 620.001 SHE 01.01 1997$g1$i2026000012827$lle026$op$pE0.00$q-$rl$s- $t4$u1$v0$w1$x0$y.i11989026$z05-11-02 996 $aDynamic modeling and control of engineering systems$9905503 997 $aUNISALENTO 998 $ale026$b01-01-02$cm$da $e-$feng$gus $h0$i1